О квантовании зарядов и масс. Мысли о природе атомных ядер; Труды третьего съезда Русской Ассоциации физиков в Новгороде

Dettagli Bibliografici
Parent link:Труды третьего съезда Русской Ассоциации физиков в Новгороде.— 1922.— С. 72-73
Autore principale: Тронов Б. В.
Lingua:russo
Pubblicazione: 1922
Soggetti:
Natura: MixedMaterials Capitolo di libro
KOHA link:https://koha.lib.tpu.ru/cgi-bin/koha/opac-detail.pl?biblionumber=591140

MARC

LEADER 00000naa0a2200000 4500
001 591140
005 20250822105348.0
035 |a (RuTPU)RU\TPU\tpu\1146 
035 |a TPU00001146 
090 |a 591140 
100 |a 20011210d1922 k||y0rusy50 ca 
101 0 |a rus 
102 |a RU 
200 1 |a О квантовании зарядов и масс. Мысли о природе атомных ядер  |f Б. В. Тронов 
463 1 |t Труды третьего съезда Русской Ассоциации физиков в Новгороде  |v С. 72-73  |d 1922 
610 1 |a физика 
610 1 |a труды учёных ТПУ 
700 1 |a Тронов  |b Б. В. 
801 0 |a RU  |b 63413507  |c 20011210  |g PSBO 
801 2 |a RU  |b 63413507  |c 20051004  |g PSBO 
942 |c BK